00859nam a22001577a 4500003000900000005001700009008004100026040001300067100002200080245003800102250000600140260003700146300002000183490001400203521048400217IT-RoPau20220918181218.0131203b xxu||||| |||| 00| 0 eng d cIT-RoPau aFerrero, G. Mauro aMamma TeresabWoman of Deep Faith aI aBandra (Mumbai)bSt. Paulsc2003 a87 pp.c21,5 cm aSt. Pauls aContents Foreward Introduction List of Abbreviations 1. Mother-in-waiting 2. The Family 3. From the Cradle to... 4. Mother of the "Juvenals" 5. Peasant and Housewife 6. Woman of Prayer 7. Blow and Kiss to Mary! 8. Say a Word to Jesus 9. Mother-Educator 10. A Room for James 11. A Woman of Strenght and Valour 12. Patience Personified 13. Widohood to Grandmotherhood 14. The Woman behind the Founder 15. Ever in Love with Life 16. "My Mother Was a Saint" 17. Mamma's Proverbs